Statistics for WWII for Dummies

Click here to take the quiz!

General Stats

  • This quiz has been taken 60,483 times
  • The average score is 13 of 15

Answer Stats

QuestionAnswer% Correct
Who won the war?The Allies
99%
What was the name of the Soviet Army?The Red Army
97%
Who was leader of Italy during most of the war?Benito Mussolini
94%
What country was the site of the D-Day invasions?France
94%
What country did Germany attack on September 1, 1939 – considered the beginning of WWII?Poland
94%
Which of these countries was never invaded?Brazil
90%
Which of these countries was NOT part of the Axis?Soviet Union
90%
What animal was Winston Churchill compared to?Bulldog
89%
True or False. Prisoners captured by the Japanese were generally well-treated.False
89%
True or false. Less than 1% of the German population died because of the war.False
88%
If the Luftwaffe is attacking, what should you be on guard for?Airplanes
87%
Who of the following was NOT President of the U.S. during some part of WWII?Woodrow Wilson
76%
Which of the following people was NOT a Nazi?Friedrich Nietzsche
74%
Which of the following types of ships was more important in WWII, especially in the Pacific Theater?Aircraft carrier
72%
What battle was considered the "turning point" of the Pacific Theater?Battle of Midway
67%

Score Distribution

Percentile by Number Answered

Percent of People with Each Score

Your Score History

You have not taken this quiz